000 00656nam a2200277Ia 4500
005 20260324115115.0
008 008 260324s9999 xx 000 0 eng d
020 _a9781351117340
037 _aEBOOK
040 _aCRL
040 _beng
040 _cCRL
041 _2eng
041 _aeng
084 _qCRL
100 _aNatalya Sergeeva
_91153390
245 0 _aMaking Sense of Innovation in the Built Environment
260 _bTaylor and Francis
260 _c2019
365 _a
365 _b340
856 _uhttp://www.taylorfrancis.com/books/9781351117340
942 _cEBOOK
999 _c1744020
_d1744020